| 000 | 00653nam a22001815i 4500 | ||
|---|---|---|---|
| 001 | 166261 | ||
| 003 | ES-MaACL | ||
| 005 | 20260201063018.0 | ||
| 008 | 991221s1848 fr |||| | fre d | ||
| 040 |
_aCCPB | B _bspa _cCCPB | B |
||
| 100 | 1 |
_aThiers, Adolphe, _d1797-1877 _9173508 |
|
| 245 | 1 | 0 |
_aDe la propriété / _cpar M. A. Thiers. |
| 260 |
_aParis : _bPaulin, Lhereux et Cie., Editeurs, _c1848 ( _fImprimé par Plon Fréres) |
||
| 300 |
_a[4], 439 p. ; _c21 cm. |
||
| 650 | 4 |
_aPropiedad. _916476 |
|
| 852 |
_aES-MaACL _jG-12973 _z-- Enc. hol. _x-- Edic.: El ed. consta: Paulin, Lheureux et c\pie\s editeurs |
||
| 999 |
_c166261 _d166261 |
||